000 00852cam a2200313 4500
001 ABS64115
008 000000n2001 000 0 eng u
035 _a(Sirsi) u113385
245 _aFocus 2001: Essex
260 _c2001
490 _aEstates Gazette
_v(0125) 23 June 2001, 79-117(12)
590 _aABS
650 _aESSEX
650 _aCHELMSFORD
650 _aCOLCHESTER
650 _aM25
650 _aPROPERTY-COMMERCIAL PROPERTY-RETAIL PROPERTY-RETAIL PROPERTY MARKET
650 _aINDUSTRIAL MARKET
650 _aRESIDENTIAL MARKET
650 _aSOUTHEND
650 _aREGENERATION
650 _aLEISURE MARKET
650 _aPLANNING ISSUES
650 _aOUT-OF-TOWN DEVELOPMENTS
650 _aROAD BUILDING
650 _aROMFORD
690 _aPROPERTY-COMMERCIAL PROPERTY-COMMERCIAL PROPERTY MARKET
942 _n0
999 _c67550
_d67550